Obecné dějiny státu a práva

Saved in:
Bibliographic Details
Format: Book
Language:Czech
Published: Praha Státní pedagogické nakladatelství 1982
Tags: Add Tag
No Tags, Be the first to tag this record!

MARC

LEADER 00000nam a2200000 4500
001 c128746
005 20260123123706.2
041 0 |a cze 
044 |a CZ 
245 1 0 |a Obecné dějiny státu a práva  |c Jan Vašečka 
264 1 |a Praha  |b Státní pedagogické nakladatelství  |c 1982 
300 |a 238 s.